000 00505nmm a2200157Ia 4500
008 251105s9999||||xx |||||||||||||||||und||
020 _a9789588371719
041 _aspa
100 _aUribe Medina, Luis Raúl
245 0 _aEnfoque a las normas internacionales de contabilidad en Colombia :
_b NIIFs
264 _a[Bogotá, Colombia] :
_bNueva Legislacion,
_c2011
300 _a240 páginas
650 _aEconomics and Business
856 _uhttps://public.digitaliapublishing.com/a/13609
942 _cCF
999 _c96590
_d96590